Ennemis de la saga Zelda - Statistiques

Statistiques générales
  • Ce quiz a été pris 73 fois
  • Le résultat moyen est 21 sur 44
Statistiques - réponses
Par images Réponse % Correct
Bokoblin
97%
Yiga
95%
Lynel
93%
Moblin
93%
Lezalfos
91%
Gardien
90%
Chuchu
83%
Hinox
83%
Dark Link
76%
Sorcier
76%
Chauve-souris
72%
Ombre de Ganon
67%
Lithorok
66%
Effroi
64%
Skulltula
62%
Gibdo
60%
Octorok
59%
Stalfos
57%
Dodongo
55%
Twinrova
55%
Gohma
53%
Bongo Bongo
52%
Like Like
48%
Abeille
47%
Blob
47%
Hache-viande
47%
Rat
41%
Griock
40%
Spectre
38%
Esprit
36%
Golemax
31%
Garo
24%
Lezalfos maudit
17%
Main de miasme
16%
Sentinelle
16%
Golem Soldat
14%
Sakdoss
12%
Clapoir
10%
Lobo
10%
Gyorg
7%
Bumper
5%
Agent du Crépuscule
3%
Oeil de la rancoeur
2%
Pols Voice
0%
Aucun quiz correspondant
Distribution des résultats
% des personnes avec chaque résultat
Percentile par nombre de réponses
Votre historique - résultats
Vous n’avez pas pris ce quiz